Vista normal Vista MARC

Entrada Topical Term

Número de registros utilizados en: 1

001 - CONTROL NUMBER

  • control field: 36599

003 - CONTROL NUMBER IDENTIFIER

  • control field: OSt

005 - DATE AND TIME OF LATEST TRANSACTION

  • control field: 20210326161731.0

008 - FIXED-LENGTH DATA ELEMENTS

  • fixed length control field: 210326|| aca||aabn | a|a d

040 ## - CATALOGING SOURCE

  • Original cataloging agency: OSt
  • Transcribing agency: OSt

150 ## - HEADING--TOPICAL TERM

  • Topical term or geographic name entry element: Protección del medio ambiente
  • General subdivision: Aspectos económicos
  • Geographic subdivision: San Andrés, Providencia y Santa Catalina

670 ## - SOURCE DATA FOUND

  • Source citation: Work cat.: (OSt): Prato, Julián Alberto, investigador 36598, Aproximación a la valoración económica ambiental del departamento Archipiélago de San Andrés, Providencia y Santa Catalina : , 2016